Strukturální proměny světové energetiky a jejich geopolitické souvislosti
Výkyvy na trhu ropy obracajú pozornosť k politicko-ekonomickým súvislostiam globálneho energetického problému. Ponuka zdrojov energie je napätá, realizácia úsporných programov a šetrnejšej energetickej spotreby sa stretáva s ťažkosťami a s obavami je sledovaná energetická bezpečnosť dodávok. Významn...
Salvato in:
| Autore principale: | |
|---|---|
| Natura: | Capitolo di libro |
| Lingua: | ceco |
| Soggetti: | |
| Tags: |
Nessun Tag, puoi essere il primo ad aggiungerne!!
|
MARC
| LEADER | 00000naa$a2200000$$$4500 | ||
|---|---|---|---|
| 001 | 0074309 | ||
| 005 | 20231016093359.6 | ||
| 041 | 0 | |a cze | |
| 044 | |a CZ | ||
| 245 | 1 | 0 | |a Strukturální proměny světové energetiky a jejich geopolitické souvislosti |c Jiří Fárek |
| 520 | |a Výkyvy na trhu ropy obracajú pozornosť k politicko-ekonomickým súvislostiam globálneho energetického problému. Ponuka zdrojov energie je napätá, realizácia úsporných programov a šetrnejšej energetickej spotreby sa stretáva s ťažkosťami a s obavami je sledovaná energetická bezpečnosť dodávok. Významnou politickou témou sa stávajú klimatické zmeny a rozvoj alternatívnych zdrojov, najmä atómovej energie a biopalív. V nadchádzajúcich dvoch dekádach bude svet stále viac závisieť od dodávok ropy zo Saudskej Arábie. Pokračovanie článku v nasledujúcom čísle. | ||
| 610 | 2 | 0 | |a energetika |
| 610 | 2 | 0 | |a zdroje energie |
| 610 | 2 | 0 | |a zdroje energie prírodné |
| 610 | 2 | 0 | |a zdroje energie obnoviteľné |
| 610 | 2 | 0 | |a ropa |
| 610 | 2 | 0 | |a plyn zemný |
| 610 | 2 | 0 | |a energia atómová |
| 610 | 2 | 0 | |a energia slnečná |
| 610 | 2 | 0 | |a geopolitika |
| 610 | 2 | 0 | |a svet |
| 100 | 1 | |a Fárek, Jiří | |